| 000 | 00374nam a2200157Ia 4500 | ||
|---|---|---|---|
| 008 | 221030s9999 xx 000 0 und d | ||
| 020 | _a8170296854 | ||
| 041 | _aEnglish | ||
| 082 |
_a105.23 _bTau |
||
| 100 | _aD. A. Tauber | ||
| 245 | 4 |
_aThe Complete Linux Kit _cby D. A. Tauber |
|
| 260 |
_bBPB Pub _aNew Delhi _c1996 |
||
| 300 | _a419 | ||
| 650 | _aBE Computer | ||
| 942 | _cBK | ||
| 999 |
_c10 _d10 |
||